Normal view
MARC view
- RANDOM SIGNAL ANALYSIS AND LOW NOISE DESIGN
Entry Topical Term
001 - CONTROL NUMBER
- control field: 62703
003 - CONTROL NUMBER IDENTIFIER
- control field: NUST
005 - DATE AND TIME OF LATEST TRANSACTION
- control field: 20210628203000.0
008 - FIXED-LENGTH DATA ELEMENTS
- fixed length control field: 210628|| aca||aabn | a|a d
040 ## - CATALOGING SOURCE
- Original cataloging agency: NUST
- Transcribing agency: NUST
150 ## - HEADING--TOPICAL TERM
- Topical term or geographic name entry element: RANDOM SIGNAL ANALYSIS AND LOW NOISE DESIGN
670 ## - SOURCE DATA FOUND
- Source citation: Work cat.: (NUST): Howard, Roy. M 62702, Principles of random signal analysis and low noise design;the power spectral density and its applications, 2002
